Resultados eurocopa 2024 - Estadísticas

Estadísticas generales
  • Esta prueba ha sido intentada 84 veces
  • La puntuación promedio es 24 de 35
Estadísticas de respuestas
Partido Resultado % Correcto
Alemania - Escocia 5-1
94%
España - Croacia 3-0
91%
Italia - Albania 2-1
85%
España - Italia 1-0
84%
Serbia - Inglaterra 0-1
76%
Albania - España 0-1
76%
Austria - Francia 0-1
75%
Eslovenia - Dinamarca 1-1
75%
Dinamarca - Inglaterra 1-1
75%
Rumania - Ucrania 3-0
75%
Croacia - Albania 2-2
74%
Croacia - Italia 1-1
72%
Alemania - Hungria 2-0
72%
Paises Bajos - Francia 0-0
71%
Belgica - Eslovaquia 0-1
69%
Escocia - Suiza 1-1
69%
Eslovenia - Serbia 1-1
69%
Suiza - Alemania 1-1
69%
Polonia - Paises Bajos 1-2
69%
Turquia - Georgia 3-1
69%
Portugal - Chequia 2-1
68%
Turquia - Portugal 0-3
66%
Hungría - Suiza 1-3
66%
Georgia - Chequia 1-1
65%
Francia - Polonia 1-1
65%
Belgica - Rumania 2-0
63%
Escocia - Hungria 0-1
60%
Polonia - Austria 1-3
59%
Eslovaquia - Rumania 1-1
57%
Eslovaquia - Ucrania 1-2
57%
Inglaterra - Eslovenia 0-0
56%
Paises Bajos - Austria 2-3
54%
Ucrania - Belgica 0-0
53%
Georgia - Portugal 2-0
51%
Dinamarca - Serbia 0-0
50%
No se encontraron pruebas coincidentes
Distribución de puntuación
Porcentaje de gente con cada puntuación
Porcentaje por número respondido
Historial de tus puntuaciones
No has intentado esta prueba.